ბათუმის შოთა რუსთაველის სახელმწიფო უნივერსიტეტის ბიბლიოთეკა

თხზულებათა სრული კრებული. ტ.10 მოთხრობები 1881-1895 (ბიბ.ჩანაწერი № 41738)

000 -LEADER
fixed length control field 01073nam a2200229Ia 4500
001 - CONTROL NUMBER
control field 8419
003 - CONTROL NUMBER IDENTIFIER
control field GE_BSU
008 - FIXED-LENGTH DATA ELEMENTS--GENERAL INFORMATION
fixed length control field 181216s||||||||xx |||||||||||||| ||und||
040 ## - CATALOGING SOURCE
Transcribing agency GE_BSU
080 ## - UNIVERSAL DECIMAL CLASSIFICATION NUMBER
Universal Decimal Classification number 821.353.1-32
100 ## - MAIN ENTRY--PERSONAL NAME
Personal name ვაჟა-ფშაველა
245 ## - TITLE STATEMENT
Title თხზულებათა სრული კრებული. ტ.10 მოთხრობები 1881-1895
245 ## - TITLE STATEMENT
Remainder of title კორესპონდენციები,პუბლიცისტური წერილები,სხვადასხვა დამატებანი
245 ## - TITLE STATEMENT
Statement of responsibility, etc. სარედ. კოლეგ. გ. ლეონიძე
260 ## - PUBLICATION, DISTRIBUTION, ETC.
Place of publication, distribution, etc. თბილისი
260 ## - PUBLICATION, DISTRIBUTION, ETC.
Name of publisher, distributor, etc. საბჭოთა საქართველო
260 ## - PUBLICATION, DISTRIBUTION, ETC.
Date of publication, distribution, etc. 1964
300 ## - PHYSICAL DESCRIPTION
Extent 477გვ.22სმ.ილ.
653 ## - INDEX TERM--UNCONTROLLED
Uncontrolled term თხზულებანი
653 ## - INDEX TERM--UNCONTROLLED
Uncontrolled term კორესპონდენციები,პუბლიცისტური წერილები,სხვადასხვა დამატებანი
942 ## - ADDED ENTRY ELEMENTS (KOHA)
Koha item type წიგნი
ეგზემპლარები
Withdrawn status Lost status Damaged status Not for loan Date acquired Barcode Date last seen Price effective from Koha item type
        2018-12-17 30507 2018-12-17 2018-12-17 წიგნი